<?xml version="1.0" encoding="UTF-8"?>
<record
    xmlns:xsi="http://www.w3.org/2001/XMLSchema-instance"
    xsi:schemaLocation="http://www.loc.gov/MARC21/slim http://www.loc.gov/standards/marcxml/schema/MARC21slim.xsd"
    xmlns="http://www.loc.gov/MARC21/slim">

  <leader>01784nam a22002897i 4500</leader>
  <datafield tag="999" ind1=" " ind2=" ">
    <subfield code="c">23661</subfield>
    <subfield code="d">23661</subfield>
  </datafield>
  <controlfield tag="003">AR-CdUCM</controlfield>
  <controlfield tag="008">260429b2023       d|||| |||| 00| 0 spa d</controlfield>
  <datafield tag="020" ind1=" " ind2=" ">
    <subfield code="a">978-987-86-3514-9</subfield>
  </datafield>
  <datafield tag="040" ind1=" " ind2=" ">
    <subfield code="a">MUNICIPALIDAD PROVINCIAL DEL CUSCO</subfield>
    <subfield code="c">BIBLIOTECA MUNICIPAL DEL CUSCO</subfield>
  </datafield>
  <datafield tag="082" ind1=" " ind2=" ">
    <subfield code="a">612.662</subfield>
    <subfield code="b">B83</subfield>
  </datafield>
  <datafield tag="100" ind1=" " ind2=" ">
    <subfield code="a">Briden, Lara</subfield>
  </datafield>
  <datafield tag="245" ind1=" " ind2=" ">
    <subfield code="a">C&#xF3;mo mejorar tu ciclo menstrual :</subfield>
    <subfield code="b">Tratamiento natural para mejorar las hormonas y la menstruaci&#xF3;n / </subfield>
  </datafield>
  <datafield tag="260" ind1=" " ind2=" ">
    <subfield code="a">Argentina : </subfield>
    <subfield code="b">Ginecosof&#xED;a</subfield>
    <subfield code="c">2023</subfield>
  </datafield>
  <datafield tag="300" ind1=" " ind2=" ">
    <subfield code="a">415 p&#xE1;ginas. : </subfield>
    <subfield code="c">14x21 cm.</subfield>
  </datafield>
  <datafield tag="500" ind1=" " ind2=" ">
    <subfield code="z">Bibliograf&#xED;a : p&#xE1;ginas del 396 - 415 </subfield>
  </datafield>
  <datafield tag="505" ind1=" " ind2=" ">
    <subfield code="a">Introducci&#xF3;n al ciclo menstrual -- El ciclo menstrual como signo vital de salud -- Anatom&#xED;a y fisiolog&#xED;a del sistema reproductor femenino -- Hormonas principales: estr&#xF3;geno, progesterona y andr&#xF3;genos -- La ovulaci&#xF3;n y su importancia cl&#xED;nica -- Fases del ciclo menstrual y sus caracter&#xED;sticas -- S&#xED;ndrome premenstrual (SPM): causas y tratamiento -- Amenorrea: tipos y abordaje natural -- Ciclos irregulares y su regulaci&#xF3;n -- S&#xED;ndrome de ovario poliqu&#xED;stico (SOP) -- Endometriosis y dolor menstrual -- Salud tiroidea y su relaci&#xF3;n con el ciclo -- Influencia del estr&#xE9;s en las hormonas -- Nutrici&#xF3;n para el equilibrio hormonal -- Salud intestinal y metabolismo hormonal -- Uso de suplementos naturales -- Regulaci&#xF3;n del ciclo sin anticonceptivos hormonales -- Estrategias pr&#xE1;cticas para mejorar el ciclo menstrual</subfield>
  </datafield>
  <datafield tag="650" ind1=" " ind2=" ">
    <subfield code="a">Ciclo menstrual</subfield>
    <subfield code="9">52808</subfield>
  </datafield>
  <datafield tag="650" ind1=" " ind2=" ">
    <subfield code="a">Salud de la mujer</subfield>
    <subfield code="9">52809</subfield>
  </datafield>
  <datafield tag="650" ind1=" " ind2=" ">
    <subfield code="a">Hormonas sexuales</subfield>
    <subfield code="9">52810</subfield>
  </datafield>
  <datafield tag="650" ind1=" " ind2=" ">
    <subfield code="a">Trastornos menstruales</subfield>
    <subfield code="9">52811</subfield>
  </datafield>
  <datafield tag="650" ind1=" " ind2=" ">
    <subfield code="a">Medicina natural</subfield>
    <subfield code="9">18569</subfield>
  </datafield>
  <datafield tag="650" ind1=" " ind2=" ">
    <subfield code="a">Ginecolog&#xED;a</subfield>
    <subfield code="9">52812</subfield>
  </datafield>
  <datafield tag="856" ind1=" " ind2=" ">
    <subfield code="f">www.ginecosofia.com</subfield>
  </datafield>
  <datafield tag="942" ind1=" " ind2=" ">
    <subfield code="2">ddc</subfield>
    <subfield code="c">LIBROS</subfield>
  </datafield>
  <datafield tag="945" ind1=" " ind2=" ">
    <subfield code="a">esh</subfield>
    <subfield code="d">29-04-2026</subfield>
  </datafield>
  <datafield tag="952" ind1=" " ind2=" ">
    <subfield code="0">0</subfield>
    <subfield code="2">ddc</subfield>
    <subfield code="4">0</subfield>
    <subfield code="7">0</subfield>
    <subfield code="a">SC</subfield>
    <subfield code="b">SC</subfield>
    <subfield code="c">CART</subfield>
    <subfield code="d">2026-04-29</subfield>
    <subfield code="e">Donaci&#xF3;n</subfield>
    <subfield code="g">40.00</subfield>
    <subfield code="o">612.662 / B83</subfield>
    <subfield code="p">SC0000002497</subfield>
    <subfield code="r">2026-04-29</subfield>
    <subfield code="y">LIBROS</subfield>
  </datafield>
</record>
